| 000 | 01188cam a2200229 4500 | ||
|---|---|---|---|
| 001 | ABS66877 | ||
| 008 | 030808n2003 000 0 eng u | ||
| 035 | _a(Sirsi) u123227 | ||
| 100 | _aMacniven, I. | ||
| 245 | _aNew group devises common standard for commercial property transactions | ||
| 260 | _c2003 | ||
| 490 |
_aJournal of the Law Society of Scotland _v48(7) July 2003, 62-64(3) |
||
| 520 | _aThe Property Standardisation Group (PSG) aims to promote the use of agreed documents and procedures to allow lawyers to identify the main issues in a transaction. The group was formed from several Scottish firms over concern that too much time was spent in property transactions negotiating the forms of documentation and agreeing procedures. The PSG have issued guidance notes. More information can be found on the PSG website, www.psglegal.co.uk. | ||
| 590 | _aABS | ||
| 650 | _aCOMMERCIAL PROPERTY TRANSACTIONS | ||
| 650 | _aPROPERTY LAWYERS | ||
| 650 | _aPROPERTY STANDARDISATION GROUP | ||
| 650 | _aLEGAL TRANSACTIONS | ||
| 690 | _aPROPERTY-COMMERCIAL PROPERTY | ||
| 856 |
_uhttps://www.psglegal.co.uk _zView the Property Standardisation Group website.... |
||
| 942 | _n0 | ||
| 999 |
_c73185 _d73185 |
||